| 000 -LEADER |
| fixed length control field |
00786nam a2200205Ia 4500 |
| 008 - FIXED-LENGTH DATA ELEMENTS--GENERAL INFORMATION |
| fixed length control field |
200103 1983 s||||xx |||||||||||||| ||und|| |
| 020 ## - INTERNATIONAL STANDARD BOOK NUMBER |
| International Standard Book Number |
9280111620 |
| 082 ## - DEWEY DECIMAL CLASSIFICATION NUMBER |
| Classification number |
341.75665 |
| Item number |
IMO |
| 110 ## - MAIN ENTRY--CORPORATE NAME |
| Corporate name or jurisdiction name as entry element |
International Maritime Organization |
| 245 #0 - TITLE STATEMENT |
| Title |
1983 amendments to the international convention for the safety of life at sea, 1974, Vol. 2 |
| Remainder of title |
International code for the construction and equipment of ships carrying dangerous chemicals in bulk (resolution MSC. 4(48)) |
| 260 ## - PUBLICATION, DISTRIBUTION, ETC. (IMPRINT) |
| Name of publisher, distributor, etc |
International Maritime Organization |
| Date of publication, distribution, etc |
1983 |
| Place of publication, distribution, etc |
London |
| 300 ## - PHYSICAL DESCRIPTION |
| Extent |
106 p. |
| 650 ## - SUBJECT ADDED ENTRY--TOPICAL TERM |
| Topical term or geographic name as entry element |
Ships - Safety regulations |
| 650 ## - SUBJECT ADDED ENTRY--TOPICAL TERM |
| Topical term or geographic name as entry element |
Merchant marine - Safety measures |
| 650 ## - SUBJECT ADDED ENTRY--TOPICAL TERM |
| Topical term or geographic name as entry element |
Navigation |
| 650 ## - SUBJECT ADDED ENTRY--TOPICAL TERM |
| Topical term or geographic name as entry element |
Shipping |
| 650 ## - SUBJECT ADDED ENTRY--TOPICAL TERM |
| Topical term or geographic name as entry element |
Industrial safety |
| 650 ## - SUBJECT ADDED ENTRY--TOPICAL TERM |
| Topical term or geographic name as entry element |
Conference proceedings |
| 942 ## - ADDED ENTRY ELEMENTS (KOHA) |
| Item type |
Books |